000
00290nam a22001337a 4500
008
170728b xxu||||| |||| 00| 0 eng d
020
_a
9781418865658
041
_a
eng
080
_2
2ND
_a
004
100
_a
31
101
_a
SHK
245
_a
MULTIMEDIA BASICS
_c
WEIXEL,S
942
_2
udc
_c
BK
999
_c
22067
_d
22067